Wiener Bezirke mit Karte - Statistiken

Allgemein
  • Dieses Quiz wurde 7.601 mal gespielt
  • Das Durchschnittsergebnis liegt bei 15 aus 23
Antworten auf der Karte
Die Antworten werden auf der Karte rot bzw. grün angezeigt, abhängig davon wie oft sie richtig erraten wurden.
 
Antwortstatistiken
Nr. Bezirk % Korrekt
I. Innere Stadt
81%
XVI. Ottakring
79%
X. Favoriten
78%
XXII. Donaustadt
77%
XXI. Floridsdorf
74%
XI. Simmering
71%
XII. Meidling
68%
II. Leopoldstadt
66%
VI. Mariahilf
65%
XIX. Döbling
63%
XIII. Hietzing
61%
III. Landstraße
61%
XXIII. Liesing
61%
XIV. Penzing
59%
VIII. Josefstadt
57%
VII. Neubau
57%
XV. Rudolfsheim-Fünfhaus
57%
XX. Brigittenau
55%
IV. Wieden
55%
V. Margareten
54%
IX. Alsergrund
52%
XVII. Hernals
52%
XVIII. Währing
52%
Keine übereinstimmenden Quizze gefunden
Verteilung der Resultate
Anzahl Personen mit jedem Resultat
Perzentil nach korrekt beantworteten Fragen
Ihre Resultats-Entwicklung
Sie haben dieses Quiz noch nicht gespielt